The Global Commons - Statistics

General Stats
  • This quiz has been taken 10 times
  • The average score is 4 of 5
Answer Stats
Answer % Correct
Oceans and high seas
100%
Outer space
80%
Antarctica
70%
Atmosphere
70%
Cyberspace
50%
No matching quizzes found
Score Distribution
Percent of People with Each Score
Percentile by Number Answered
Your Score History
You have not taken this quiz